01784nam a2200433 i 450000100060000000300080000600500170001400600190003100700150005000800410006502000180010602000280012403500220015204000310017405000230020508000180022808200170024610000190026324502550028226400590053730000410059633600310063733700330066833800430070149000520074458800830079660000310087965000470091065000320095765000140098965100140100365500270101770000460104470000530109070000520114370000390119583000530123485600630128787083FINmELB20241217171529.0m o d | cr cnu||||||||170704s2012 mx o 000 0 spa d z9786071612335 a9786071644275q(e-book) a(OCoLC)1145096634 aFINmELBbspaerdacFINmELB 4aPQ7111bP3469 2012 a821.134.2(72)0 a860.99722231 aPayno, Manuel.10aTodo el trabajo es comenzar :buna antología general /cManuel Payno ; selección y estudio preliminar, Mariana Ozuna Castañeda ; ensayos críticos, María Teresa Solórzano Ponce, Irina Córdoba Ramírez ; cronología, Rafael Mondragón. 1aMéxico, D.F. :bFondo de Cultura Económica,c2012. a1 recurso en línea (504 páginas) atextobtxt2rdacontent/spa acomputadorabc2rdamedia/spa arecurso en líneabcr2rdacarrier/spa1 aBiblioteca americana. Serie viajes al siglo XIX aDescripción basada en metadatos suministrados por el editor y otras fuentes.10aPayno, Manuel,d1810-1894. 0aMexican literaturexHistory and criticism. 4aLiteratura latinoamericana. 4aHistoria. 4aMéxico. 4aLibros electrónicos.1 aOzuna Castañeda, Mariana,ecolaborador.1 aSolórzano Ponce, María Teresa,ecolaborador.1 aCórdoba Ramírez, Diana Irina,ecolaborador.1 aMondragón, Rafael,ecolaborador. 0aBiblioteca americana. Serie viajes al siglo XIX.40uhttps://elibro.net/ereader/politecnicointernacional/110608